Código de Comercio
Guardat en:
| Format: | Llibre |
|---|---|
| Idioma: | espanyol |
| Publicat: |
Santiago
Lexis Nexis
2008
|
| Edició: | 8a. ed |
| Matèries: | |
| Etiquetes: |
Afegir etiqueta
Sense etiquetes, Sigues el primer a etiquetar aquest registre!
|
MARC
| LEADER | 00000nam a2200000 a 4500 | ||
|---|---|---|---|
| 001 | UCI9450 | ||
| 003 | CL-VaPUC | ||
| 008 | 081120e20080000CL |||||||||||||||||spa|d | ||
| 020 | |a 9562384721 | ||
| 082 | 0 | 4 | |a 346.8307 |b COD |2 21 |
| 245 | 1 | 0 | |a Código de Comercio |
| 250 | |a 8a. ed | ||
| 300 | |a 795 p | ||
| 942 | |c BK | ||
| 945 | |d 20081120 00:00:00 |a rbrito | ||
| 260 | |a Santiago |b Lexis Nexis |c 2008 | ||
| 650 | 0 | |a Código de comercio |9 329302 | |
| 650 | 0 | |a Derecho comercial |9 256340 | |
| 650 | 0 | |a Comerciantes |9 267878 | |
| 650 | 0 | |a Comercio |9 255341 | |
| 650 | 7 | |a CONTRATOS MERCANTILES |2 CL-VaPUC |9 391846 | |
| 650 | 0 | |a Derecho marítimo |9 255301 | |
| 583 | |a last modification |c 20081120 00:00:00 |k Rodrigo Vera | ||
| 999 | |c 331986 |d 331984 | ||
| 952 | |0 0 |1 0 |2 ddc |4 0 |6 346_830700000000000_COD_2008 |7 0 |8 FOND_LRYV |9 419295 |a BIBDER |b BIBDER |d 2019-11-22 |i 449900K |o 346.8307 COD 2008 |p 449900K |r 2023-01-25 |w 2019-11-22 |y BK_X |k DER | ||